000 00294nam a2200133Ia 4500
008 230312s9999||||xx |||||||||||||| ||und||
082 _a611
_bANA
245 0 _aGray's Anatomy
260 _bElsivier
_aSpain
_c2008
300 _a1551
546 _aEng.
650 _aMedical
_vAnatomy
942 _cBK
999 _c5197
_d5197